1-10 In Different Languages - Statistics

General Stats
  • This quiz has been taken 160 times
  • The average score is 41 of 60
Answer Stats
Number Answer % Correct
1 un
98%
3 tre
97%
1 uno
97%
1 uno
97%
2 dos
95%
3 tres
95%
3 tres
95%
5 cinco
91%
5 cinco
91%
8 ocho
91%
6 sei
91%
6 seis
89%
6 seis
89%
9 nueve
88%
4 cuatro
87%
7 siete
86%
10 diez
85%
2 deux
80%
4 quattro
78%
5 cinq
76%
3 trois
75%
2 zwei
72%
3 drei
70%
4 quatro
69%
7 sept
69%
10 dix
67%
1 eins
67%
9 neuf
67%
4 quatre
67%
6 six
66%
5 funf
65%
2 ni
65%
3 san
65%
7 sieben
65%
8 acht
64%
2 due
63%
8 huit
63%
1 ichi
62%
9 neun
62%
4 vier
61%
6 sechs
60%
7 sette
60%
10 zehn
57%
5 cinque
55%
9 nove
55%
9 nove
55%
4 yon | shi
55%
8 otto
54%
1 Um
50%
5 go
49%
7 sete
49%
2 dois
48%
6 roku
46%
8 hachi | Shichi
45%
10 dieci
44%
10 Ju
44%
9 kyu
43%
10 dez
41%
7 nana
40%
8 oito
40%
No matching quizzes found
Score Distribution
Percent of People with Each Score
Percentile by Number Answered
Your Score History
You have not taken this quiz